000 00377nam a2200157Ia 4500
005 20250508152752.0
008 008 250505s9999 xx 000 0 eng d
037 _aBooks to be hide in OPAC
040 _aFEDL
_beng
_cFEDL
041 _aeng
_2eng
084 _qFEDL
245 0 _aUSSR: Early russian icons
260 _c1958
942 _cHB
999 _c1338633
_d1338633